Ireland : Selected Issues.

This Selected Issues paper presents a description of fiscal developments in Ireland since 1980. It attempts to decompose the improvement in the fiscal accounts into contributions from pure fiscal policy measures and contributions from other factors. Fiscal policy in 1997 and the budget for 1998 are...

全面介紹

書目詳細資料
企業作者: International Monetary Fund
格式: 雜誌
語言:English
出版: Washington, D.C. : International Monetary Fund, 1999.
叢編:IMF Staff Country Reports; Country Report ; No. 1998/126
在線閱讀:Full text available on IMF
LEADER 01545cas a2200241 a 4500
001 AALejournalIMF000788
008 230101c9999 xx r poo 0 0eng d
020 |c 5.00 USD 
020 |z 9781451818703 
022 |a 1934-7685 
040 |a BD-DhAAL  |c BD-DhAAL 
110 2 |a International Monetary Fund. 
245 1 0 |a Ireland :   |b Selected Issues. 
264 1 |a Washington, D.C. :  |b International Monetary Fund,  |c 1999. 
300 |a 1 online resource (92 pages) 
490 1 |a IMF Staff Country Reports 
500 |a <strong>Off-Campus Access:</strong> No User ID or Password Required 
500 |a <strong>On-Campus Access:</strong> No User ID or Password Required 
506 |a Electronic access restricted to authorized BRAC University faculty, staff and students 
520 3 |a This Selected Issues paper presents a description of fiscal developments in Ireland since 1980. It attempts to decompose the improvement in the fiscal accounts into contributions from pure fiscal policy measures and contributions from other factors. Fiscal policy in 1997 and the budget for 1998 are outlined, and a discussion of the implications of the Stability and Growth Pact for policy formulation in Ireland is presented. The paper also examines the supervision system in Ireland and the performance of lending institutions. 
538 |a Mode of access: Internet 
830 0 |a IMF Staff Country Reports; Country Report ;  |v No. 1998/126 
856 4 0 |z Full text available on IMF  |u http://elibrary.imf.org/view/journals/002/1998/126/002.1998.issue-126-en.xml  |z IMF e-Library